[Event "Ostroda op 8th"]
[Site "Ostroda"]
[Date "2011.08.06"]
[Round "4"]
[White "Zielinski, Maciej"]
[Black "Budrewicz, Krzysztof"]
[Result "1/2-1/2"]
[WhiteElo "2060"]
[BlackElo "2194"]
[PlyCount "109"]
[EventDate "2011.08.04"]
[EventType "swiss"]
[EventRounds "9"]
[EventCountry "POL"]
[SourceTitle "CBM 143 Extra"]
[Source "ChessBase"]
[SourceDate "2011.08.29"]
[SourceVersion "1"]
[SourceVersionDate "2011.08.29"]
[SourceQuality "1"]

1. e4 e5 2. Nf3 Nc6 3. Bb5 a6 4. Bxc6 dxc6 5. 0-0 f6 6. d4 exd4 7. Nxd4 c5 8. Nb3 Qxd1 9. Rxd1 Bd6 10. Be3 b6 11. Nc3 Ne7 12. Ne2 Bb7 13. f3 g5 14. Nd2 0-0-0 15. Nc4 h6 16. h3 Rhe8 17. Nc3 Ng8 18. Kf2 Be7 19. Rxd8+ Bxd8 20. g4 Ne7 21. Ne2 Nc6 22. Ng3 Be7 23. h4 b5 24. Na3 Ne5 25. Nf5 Bf8 26. Rd1 Bc6 27. b3 Bd7 28. c4 b4 29. Nc2 a5 30. Ne1 Be6 31. hxg5 hxg5 32. Nd3 Rd8 33. Ke2 Nxc4 34. Bxc5 Rxd3 35. Bxf8 Rxd1 36. Kxd1 Ne5 37. Nd4 Kd7 38. Nxe6 Kxe6 39. Ke2 Nd7 40. Bh6 Kf7 41. f4 Kg6 42. e5 Nxe5 43. fxe5 Kxh6 44. Kd3 fxe5 45. Ke4 Kg6 46. Kxe5 Kf7 47. Kf5 c5 48. Ke5 c4 49. bxc4 a4 50. Kd4 Ke6 51. c5 b3 52. axb3 axb3 53. Kc3 Kd5 54. Kxb3 Kxc5 55. Kc3 1/2-1/2

[Event "Gdansk op 13th"]
[Site "Gdansk"]
[Date "2011.07.21"]
[Round "6"]
[White "Budrewicz, Krzysztof"]
[Black "Zielinski, Maciej"]
[Result "1-0"]
[WhiteElo "2194"]
[BlackElo "2060"]
[PlyCount "63"]
[EventDate "2011.07.17"]
[EventType "swiss"]
[EventRounds "9"]
[EventCountry "POL"]
[SourceTitle "CBM 143 Extra"]
[Source "ChessBase"]
[SourceDate "2011.08.29"]
[SourceVersion "1"]
[SourceVersionDate "2011.08.29"]
[SourceQuality "1"]

1. d4 g6 2. c4 Bg7 3. Nc3 Nf6 4. e4 d6 5. Be2 0-0 6. Bg5 c5 7. d5 h6 8. Be3 e6 9. Qd2 exd5 10. cxd5 Kh7 11. f3 a6 12. a4 Qa5 13. Ra3 Nbd7 14. Nh3 Rb8 15. 0-0 Ng8 16. Rd1 Ne7 17. Qc2 Ne5 18. Nf2 f5 19. f4 Nd7 20. g4 Kh8 21. h3 Qc7 22. e5 g5 23. e6 gxf4 24. Bxf4 fxg4 25. Qd2 Ne5 26. Bxe5 Bxe5 27. Qxh6+ Kg8 28. Bd3 Nf5 29. Bxf5 Rxf5 30. Qg6+ Qg7 31. Qxf5 gxh3+ 32. Qg4 1-0

[Event "Gdansk op 13th"]
[Site "Gdansk"]
[Date "2011.07.17"]
[Round "2"]
[White "Kindler, Przemyslaw"]
[Black "Zielinski, Maciej"]
[Result "1/2-1/2"]
[WhiteElo "1666"]
[BlackElo "2060"]
[PlyCount "39"]
[EventDate "2011.07.17"]
[EventType "swiss"]
[EventRounds "9"]
[EventCountry "POL"]
[SourceTitle "CBM 143 Extra"]
[Source "ChessBase"]
[SourceDate "2011.08.29"]
[SourceVersion "1"]
[SourceVersionDate "2011.08.29"]
[SourceQuality "1"]

1. e4 e5 2. Nf3 Nc6 3. Bc4 Bc5 4. c3 Nf6 5. d4 exd4 6. cxd4 Bb4+ 7. Bd2 Bxd2+ 8. Nbxd2 d5 9. exd5 Nxd5 10. 0-0 0-0 11. Ne4 Bg4 12. h3 Bxf3 13. Qxf3 Nb6 14. Bd3 Nxd4 15. Qg3 f5 16. Nc5 Qd5 17. Rac1 Rf6 18. f3 Re8 19. Qf2 Rd8 20. Rfd1 1/2-1/2

[Event "POL-ch U16"]
[Site "Murzasichle"]
[Date "2011.03.10"]
[Round "7"]
[White "Zielinski, Maciej"]
[Black "Lewicki, Miroslaw"]
[Result "0-1"]
[WhiteElo "2055"]
[BlackElo "2138"]
[PlyCount "92"]
[EventDate "2011.03.05"]
[EventType "swiss"]
[EventRounds "9"]
[EventCountry "POL"]
[SourceTitle "EXT 2012"]
[Source "ChessBase"]
[SourceDate "2011.11.24"]
[SourceVersion "1"]
[SourceVersionDate "2011.11.24"]
[SourceQuality "1"]

1. e4 c5 2. Nf3 d6 3. Bb5+ Nc6 4. 0-0 Bd7 5. c3 a6 6. Ba4 Nf6 7. d3 e6 8. Re1 Be7 9. Nbd2 0-0 10. Nf1 b5 11. Bc2 b4 12. a3 a5 13. d4 d5 14. e5 Ne8 15. dxc5 Bxc5 16. Bxh7+ Kxh7 17. Ng5+ Kg6 18. Qg4 f5 19. Qg3 Qb6 20. Nxe6+ Kf7 21. Nxf8 Bxf8 22. axb4 Nc7 23. Be3 Qb7 24. bxa5 Rxa5 25. Rxa5 Nxa5 26. Ra1 Nc6 27. Nd2 Qxb2 28. Rb1 Qxc3 29. Rb7 Nd8 30. Ra7 Nde6 31. h4 d4 32. Bf4 Bc5 33. Rxc7 Nxc7 34. Nf3 Ne6 35. h5 Nxf4 36. Qxf4 d3 37. g4 Qb4 38. e6+ Bxe6 39. Qc7+ Ke8 40. Qc6+ Ke7 41. Qc7+ Bd7 42. Qe5+ Kd8 43. gxf5 d2 44. Nxd2 Qg4+ 45. Kh2 Qh4+ 46. Kg2 Qxf2+ 0-1

[Event "POL-ch U16"]
[Site "Murzasichle"]
[Date "2011.03.08"]
[Round "5"]
[White "Renkowski, Piotr"]
[Black "Zielinski, Maciej"]
[Result "0-1"]
[WhiteElo "1950"]
[BlackElo "2055"]
[PlyCount "92"]
[EventDate "2011.03.05"]
[EventType "swiss"]
[EventRounds "9"]
[EventCountry "POL"]
[SourceTitle "EXT 2012"]
[Source "ChessBase"]
[SourceDate "2011.11.24"]
[SourceVersion "1"]
[SourceVersionDate "2011.11.24"]
[SourceQuality "1"]

1. e4 c5 2. Nf3 e6 3. c3 Nf6 4. e5 Nd5 5. d4 cxd4 6. cxd4 b6 7. Bd3 Bb7 8. a3 d6 9. 0-0 dxe5 10. dxe5 Be7 11. Qe2 Nd7 12. Rd1 Qc7 13. Bd2 Rc8 14. Nc3 Nxc3 15. Bxc3 0-0 16. Bxh7+ Kxh7 17. Qd3+ g6 18. Qxd7 Bxf3 19. Qxc7 Rxc7 20. gxf3 g5 21. Rd3 Rfc8 22. Rad1 Bxa3 23. Rd8 Rxd8 24. Rxd8 Be7 25. Rd4 Kg6 26. f4 Bc5 27. Ra4 b5 28. Ra5 b4 29. Bd2 Bb6 30. Ra6 gxf4 31. Bxf4 Kf5 32. Bd2 Rc2 33. Bxb4 Bxf2+ 34. Kh1 Bd4 35. Bc3 Bxc3 36. bxc3 Kxe5 37. Rxa7 f5 38. Ra3 Kf4 39. h4 Kg4 40. Ra4+ Kg3 41. Ra1 Rh2+ 42. Kg1 f4 43. c4 f3 44. Ra3 Rc2 45. Ra1 Rg2+ 46. Kh1 Rh2+ 0-1

[Event "POL-ch U16"]
[Site "Murzasichle"]
[Date "2011.03.05"]
[Round "1"]
[White "Zielinski, Maciej"]
[Black "Borawski, Jakub"]
[Result "0-1"]
[WhiteElo "2055"]
[BlackElo "1867"]
[PlyCount "64"]
[EventDate "2011.03.05"]
[EventType "swiss"]
[EventRounds "9"]
[EventCountry "POL"]
[SourceTitle "EXT 2012"]
[Source "ChessBase"]
[SourceDate "2011.11.24"]
[SourceVersion "1"]
[SourceVersionDate "2011.11.24"]
[SourceQuality "1"]

1. Nf3 Nf6 2. d4 e6 3. c4 Bb4+ 4. Bd2 Qe7 5. a3 Bxd2+ 6. Nbxd2 d6 7. Qc2 a5 8. e3 e5 9. dxe5 dxe5 10. Ne4 Nxe4 11. Qxe4 Nd7 12. Be2 a4 13. 0-0 0-0 14. Rfd1 Ra5 15. Rd5 f5 16. Qc2 Ra8 17. Rad1 e4 18. Ne1 b6 19. Qc3 Nc5 20. Rb1 Be6 21. Rdd1 f4 22. exf4 Rxf4 23. g3 Rf7 24. Ng2 Raf8 25. Rf1 Bh3 26. Rbd1 c6 27. Qd4 Rf6 28. Qe3 Qf7 29. Rd2 Nb3 30. Rc2 c5 31. Bd1 Nd4 32. Qxe4 Bf5 0-1

[Event "Gdansk op 12th "]
[Site "Gdansk"]
[Date "2010.07.23"]
[Round "8"]
[White "Nester, Ihor"]
[Black "Zielinski, Maciej"]
[Result "1/2-1/2"]
[WhiteElo "2378"]
[BlackElo "1973"]
[PlyCount "47"]
[EventDate "2010.07.17"]
[EventType "swiss"]
[EventRounds "9"]
[EventCountry "POL"]
[SourceTitle "EXT 2011"]
[Source "ChessBase"]
[SourceDate "2010.11.26"]
[SourceVersion "1"]
[SourceVersionDate "2010.11.26"]
[SourceQuality "1"]

1. b3 Nf6 2. Bb2 g6 3. c4 Bg7 4. e4 d6 5. g3 0-0 6. Bg2 e5 7. d3 c5 8. Nc3 Nc6 9. Nge2 Rb8 10. Nd5 Nxd5 11. exd5 Nd4 12. Nxd4 exd4 13. 0-0 Qf6 14. Qf3 Qxf3 15. Bxf3 Bf5 16. Rad1 Rfe8 17. g4 Bd7 18. Bc1 Re7 19. Rfe1 Rbe8 20. Kf1 Rxe1+ 21. Rxe1 Rxe1+ 22. Kxe1 a6 23. a4 Be5 24. h3 1/2-1/2

[Event "Gdansk op 12th "]
[Site "Gdansk"]
[Date "2010.07.21"]
[Round "6"]
[White "Rawicz, Karol"]
[Black "Zielinski, Maciej"]
[Result "0-1"]
[WhiteElo "2293"]
[BlackElo "1973"]
[PlyCount "56"]
[EventDate "2010.07.17"]
[EventType "swiss"]
[EventRounds "9"]
[EventCountry "POL"]
[SourceTitle "EXT 2011"]
[Source "ChessBase"]
[SourceDate "2010.11.26"]
[SourceVersion "1"]
[SourceVersionDate "2010.11.26"]
[SourceQuality "1"]

1. d4 Nf6 2. c4 g6 3. Nc3 Bg7 4. e4 d6 5. Nf3 0-0 6. Be2 e5 7. 0-0 Nc6 8. d5 Ne7 9. Ne1 Nd7 10. Be3 f5 11. f3 f4 12. Bf2 g5 13. Rc1 Ng6 14. b4 Nf6 15. c5 Rf7 16. cxd6 cxd6 17. a4 h5 18. Kh1 g4 19. a5 g3 20. hxg3 fxg3 21. Bxg3 h4 22. Bf2 Nh5 23. Nd3 Ng3+ 24. Kg1 Nf4 25. Nxf4 exf4 26. Bd4 h3 27. gxh3 Qh4 28. Rf2 Bxh3 0-1

[Event "Gdansk op 12th "]
[Site "Gdansk"]
[Date "2010.07.20"]
[Round "5"]
[White "Rybak, Tomasz"]
[Black "Zielinski, Maciej"]
[Result "0-1"]
[WhiteElo "2262"]
[BlackElo "1973"]
[PlyCount "88"]
[EventDate "2010.07.17"]
[EventType "swiss"]
[EventRounds "9"]
[EventCountry "POL"]
[SourceTitle "EXT 2011"]
[Source "ChessBase"]
[SourceDate "2010.11.26"]
[SourceVersion "1"]
[SourceVersionDate "2010.11.26"]
[SourceQuality "1"]

1. e4 e5 2. Nf3 Nc6 3. Bb5 a6 4. Ba4 d6 5. c3 Bd7 6. d4 Nf6 7. Nbd2 g6 8. 0-0 Qe7 9. Re1 Bg7 10. Nf1 0-0 11. Bg5 h6 12. Bh4 Qe8 13. Bc2 Bg4 14. d5 Ne7 15. h3 Bd7 16. N3h2 Nh5 17. Ne3 Nf4 18. Bg3 Nh5 19. Bh4 Nf4 20. c4 f5 21. f3 g5 22. Bf2 fxe4 23. Bxe4 Nf5 24. Nxf5 Bxf5 25. Qc2 Bxe4 26. Qxe4 c6 27. dxc6 Qxc6 28. Rad1 Rac8 29. b3 b5 30. cxb5 axb5 31. Qxc6 Rxc6 32. Ng4 Ra8 33. Rd2 Rca6 34. a4 bxa4 35. bxa4 h5 36. Ne3 e4 37. Nd5 exf3 38. gxf3 Nxh3+ 39. Kg2 Nxf2 40. Kxf2 Rxa4 41. Rg1 Rd4 42. Ke2 Re8+ 43. Kd1 Rxd2+ 44. Kxd2 Re5 0-1

[Event "Gdansk op 12th "]
[Site "Gdansk"]
[Date "2010.07.19"]
[Round "4"]
[White "Zielinski, Maciej"]
[Black "Jaroch, Pawel"]
[Result "1/2-1/2"]
[WhiteElo "1973"]
[BlackElo "2238"]
[PlyCount "67"]
[EventDate "2010.07.17"]
[EventType "swiss"]
[EventRounds "9"]
[EventCountry "POL"]
[SourceTitle "EXT 2011"]
[Source "ChessBase"]
[SourceDate "2010.11.26"]
[SourceVersion "1"]
[SourceVersionDate "2010.11.26"]
[SourceQuality "1"]

1. e4 e6 2. d4 d5 3. Nd2 c5 4. Ngf3 Nc6 5. exd5 exd5 6. Bb5 Bd6 7. dxc5 Bxc5 8. 0-0 Nge7 9. Nb3 Bb6 10. h3 0-0 11. Nbd4 Qd6 12. Be3 Bc7 13. Bxc6 bxc6 14. Nb3 Bb6 15. Qd2 c5 16. Rad1 Bb7 17. Bf4 Qd8 18. Qc1 Ng6 19. Bg3 a5 20. Rfe1 a4 21. Nbd2 Re8 22. c3 Rxe1+ 23. Rxe1 Bc7 24. Ne5 Nxe5 25. Bxe5 Bc6 26. Nf3 Ba5 27. Rd1 f6 28. Bg3 Qb6 29. Nh4 Re8 30. Nf5 g6 31. Nh6+ Kg7 32. Ng4 Qd8 33. Qh6+ Kg8 34. h4 1/2-1/2